Hotdamna Kalbi Thumte / (Record no. 3685)
[ view plain ]
| 000 -LEADER | |
|---|---|
| fixed length control field | 00423nam a22001697a 4500 |
| 003 - CONTROL NUMBER IDENTIFIER | |
| control field | GBCCL |
| 005 - DATE AND TIME OF LATEST TRANSACTION | |
| control field | 20241126110500.0 |
| 008 - FIXED-LENGTH DATA ELEMENTS--GENERAL INFORMATION | |
| fixed length control field | 171201b xxu||||| |||| 00| 0 eng d |
| 040 ## - CATALOGING SOURCE | |
| Transcribing agency | gbc |
| 082 ## - DEWEY DECIMAL CLASSIFICATION NUMBER | |
| Classification number | VER 234 |
| Item number | KHU |
| 100 ## - MAIN ENTRY--PERSONAL NAME | |
| Personal name | Khupzatun, T. |
| 9 (RLIN) | 7302 |
| 245 ## - TITLE STATEMENT | |
| Title | Hotdamna Kalbi Thumte / |
| Statement of responsibility, etc. | T. Khupzatun |
| 260 ## - PUBLICATION, DISTRIBUTION, ETC. | |
| Place of publication, distribution, etc. | Bangalore: |
| Name of publisher, distributor, etc. | Author, |
| Date of publication, distribution, etc. | 2014 |
| 300 ## - PHYSICAL DESCRIPTION | |
| Extent | 87p.; |
| Dimensions | 23 cm. |
| 650 ## - SUBJECT ADDED ENTRY--TOPICAL TERM | |
| Topical term or geographic name entry element | Salvation |
| 9 (RLIN) | 452 |
| 942 ## - ADDED ENTRY ELEMENTS (KOHA) | |
| Source of classification or shelving scheme | Dewey Decimal Classification |
| Koha item type | Books |
| Koha issues (borrowed), all copies | 11 |
| Withdrawn status | Lost status | Source of classification or shelving scheme | Damaged status | Not for loan | Collection | Home library | Current Library | Shelving location | Date acquired | Total checkouts | Full call number | Barcode | Date last seen | Date last checked out | Copy number | Price effective from | Koha item type | Total renewals |
|---|---|---|---|---|---|---|---|---|---|---|---|---|---|---|---|---|---|---|
| Dewey Decimal Classification | GRACE BIBLE COLLEGE | GRACE BIBLE COLLEGE | Vernacular | 2017-12-01 | 1 | VER 234 KHU | 014070 | 2025-05-01 | 2018-09-07 | c.5 | 2017-12-01 | Books | ||||||
| Dewey Decimal Classification | GRACE BIBLE COLLEGE | GRACE BIBLE COLLEGE | Vernacular | 2017-12-01 | VER 234 KHU | 014073 | 2025-05-01 | c.8 | 2017-12-01 | Books | ||||||||
| Dewey Decimal Classification | GRACE BIBLE COLLEGE | GRACE BIBLE COLLEGE | Vernacular | 2017-12-01 | 3 | VER 234 KHU | 014067 | 2025-11-17 | 2025-11-07 | c.2 | 2017-12-01 | Books | 1 | |||||
| Dewey Decimal Classification | GRACE BIBLE COLLEGE | GRACE BIBLE COLLEGE | Vernacular | 2017-12-01 | 1 | VER 234 KHU | 014066 | 2025-05-01 | 2019-01-28 | c.1 | 2017-12-01 | Books | ||||||
| Dewey Decimal Classification | GRACE BIBLE COLLEGE | GRACE BIBLE COLLEGE | Vernacular | 2017-12-01 | 1 | VER 234 KHU | 014071 | 2025-05-01 | 2022-08-26 | c.6 | 2017-12-01 | Books | ||||||
| Dewey Decimal Classification | GRACE BIBLE COLLEGE | GRACE BIBLE COLLEGE | Vernacular | 2017-12-01 | 1 | VER 234 KHU | 014068 | 2025-05-01 | 2019-07-04 | c.3 | 2017-12-01 | Books | ||||||
| Dewey Decimal Classification | GRACE BIBLE COLLEGE | GRACE BIBLE COLLEGE | Vernacular | 2017-12-01 | 1 | VER 234 KHU | 014072 | 2025-05-01 | 2022-08-30 | c.7 | 2017-12-01 | Books | ||||||
| Dewey Decimal Classification | GRACE BIBLE COLLEGE | GRACE BIBLE COLLEGE | Vernacular | 2017-12-01 | 3 | VER 234 KHU | 014074 | 2025-10-06 | 2025-09-25 | c.9 | 2017-12-01 | Books | ||||||
| Dewey Decimal Classification | GRACE BIBLE COLLEGE | GRACE BIBLE COLLEGE | Vernacular | 2017-12-01 | 3 | VER 234 KHU | 014069 | 2025-08-20 | 2025-08-14 | c.4 | 2017-12-01 | Books | 1 |